Malá encyklopedie sportovního tréninku /
Gespeichert in:
| 1. Verfasser: | |
|---|---|
| Format: | Buch |
| Sprache: | Tschechisch |
| Veröffentlicht: |
Praha :
Olympia,
1982
|
| Schlagworte: | |
| Tags: |
Keine Tags, Fügen Sie das erste Tag hinzu!
|
MARC
| LEADER | 00000nam a22000003a 4500 | ||
|---|---|---|---|
| 001 | stu38881 | ||
| 005 | 20150617225726.2 | ||
| 008 | 921127s1982----cs------------------cze-d | ||
| 040 | |a STU |b slo | ||
| 041 | 0 | |a cze | |
| 044 | |a cs | ||
| 080 | |a 796.015(031) | ||
| 100 | 1 | |a Dovalil, Josef |4 xxx | |
| 245 | 1 | |a Malá encyklopedie sportovního tréninku / |c Josef Dovalil a kol | |
| 260 | |a Praha : |b Olympia, |c 1982 | ||
| 300 | |a 239 s | ||
| 650 | 7 | |a Tréningy športové |2 stusub | |
| 650 | 7 | |a encyklopédie |2 stusub | |
| 650 | 7 | |a Encyklopédia športového tréningu |2 stusub | |
| 996 | |b 284M019550 |c M*2591-1 |l MMKN |s A |a 24 |w stu38881_0001 | ||